000 00761cam a22002412 4500
999 _c950
_d950
001 424425
003 OSt
005 20191227152306.0
008 061227s2006 enk e 00011 eng d
020 _a9780141343389
040 _aDLC
_cDLC
_dTAE
042 _alcac
082 _aFIC HIG
100 1 _aHigson, Charles,
_d1958-
_eauthor
245 1 0 _aBlood fever /
_cCharlie Higson.
260 _aLondon :
_bPuffin,
_c2012
300 _a371 p. ;
_c20 cm.
440 0 _aYoung Bond ;
_nbk 2.
520 _aDuring a summer holiday in Italy, the teen-age James Bond tangles with an underground empire of criminals as he attempts the rescue of a kidnapped young girl.
650 1 _aAdventure and adventurers
_vFiction.
651 1 _aItaly
_vFiction.
942 _2ddc
_cFIC